One Piece - Quiz #1 - Statistiques

Statistiques générales
  • Ce quiz a été pris 184 fois
    42 depuis la dernière actualisation
  • Le résultat moyen est 15 sur 20
Statistiques - réponses
Question Réponse % Correct
Quel type de fruit permet de produire, devenir et contrôler à volonté un élément naturel ? Logia
91%
Quelle est la première prime de Luffy ? 30.000.000
88%
Qui était le médecin de l'Equipage du Roi des Pirates ? Crocus
88%
Comment s'appelait la mère de Ace ? Portgas D. Rouge
88%
De quel île est originaire Bepo ? Zou
88%
Quel animal est Richie ? Lion
85%
Qui prononce la phrase suivante « Jamais les hommes ne renonceront à leurs rêves » ? Marchall D. Teach
79%
Quel est le nom du personnage qu’on surnomme « Le Lion d'Or » ? Shiki
76%
Dans quel île est envoyé Luffy après avoir été touché par Kuma ? Amazon Lily
74%
Comment s'appelle l'organisation crée par Baggy, Crocodile et Mihawk ? Cross Guild
74%
Comment se nomme l'organisation dirigée par Judge ? Germa 66
71%
Quel est le surnom de Doflamingo au sein de la Pègre ? Joker
71%
Qui était Amiral Chef avant Sengoku ? Kong
71%
Qui faisait équipe avec Mr. 5 ? Mikita
71%
Comment s'appelle le chapeau de Big Mom ? Napoleon
68%
De quelle race appartient King ? Lunaria
65%
Quelle fonction occupe Laffitte au sein de son équipage ? Navigateur
65%
Qui est le grand amour de Hogback ? Victoria Cindry
56%
Comment s'appelait l'organisation scientifique faisant partie : Vegapunk, Judge, Queen, Cesar et Stussy ? MADS
44%
Quel satellite a trahi Vegapunk ? York
44%
Aucun quiz correspondant
Distribution des résultats
% des personnes avec chaque résultat
Percentile par nombre de réponses
Votre historique - résultats
Vous n’avez pas pris ce quiz depuis la dernière actualisation